Fundamental accounting principles / (Record no. 1259)

000 -LEADER
fixed length control field 01296cam a2200385 a 4500
003 - CONTROL NUMBER IDENTIFIER
control field CaAEU
005 - DATE AND TIME OF LATEST TRANSACTION
control field 20210624123215.0
008 - FIXED-LENGTH DATA ELEMENTS--GENERAL INFORMATION
fixed length control field 891013s1987 ilua 1 0 eng d
020 ## - INTERNATIONAL STANDARD BOOK NUMBER
International Standard Book Number 0256036012
020 ## - INTERNATIONAL STANDARD BOOK NUMBER
International Standard Book Number 0256041660 (solutions manual I)
020 ## - INTERNATIONAL STANDARD BOOK NUMBER
International Standard Book Number 0256060541 (solutions manual II)
040 ## - CATALOGING SOURCE
Transcribing agency DLC
049 ## - LOCAL HOLDINGS (OCLC)
Holding library AEU
050 00 - LIBRARY OF CONGRESS CALL NUMBER
Classification number HF5635
Item number .P975 1987b
090 0# - LOCALLY ASSIGNED LC-TYPE CALL NUMBER (OCLC); LOCAL CALL NUMBER (RLIN)
Classification number (OCLC) (R) ; Classification number, CALL (RLIN) (NR) HF 5635 P99 1987a
245 00 - TITLE STATEMENT
Title Fundamental accounting principles /
Statement of responsibility, etc. Kermit D. Larson ... [et al.].
250 ## - EDITION STATEMENT
Edition statement 5th Canadian ed.
260 ## - PUBLICATION, DISTRIBUTION, ETC.
Place of publication, distribution, etc. Homewood, Ill. :
Name of publisher, distributor, etc. Irwin,
Date of publication, distribution, etc. 1987.
300 ## - PHYSICAL DESCRIPTION
Extent xvii, 1230 p. :
Other physical details ill. ;
Dimensions 25 cm.
336 ## - CONTENT TYPE
Content type term text
Content type code txt
Source rdacontent
337 ## - MEDIA TYPE
Media type term unmediated
Media type code n
Source rdamedia
338 ## - CARRIER TYPE
Carrier type term volume
Carrier type code nc
Source rdacarrier
500 ## - GENERAL NOTE
General note Includes index.
500 ## - GENERAL NOTE
General note Rev. ed. of: Fundamental accounting principles / William W. Pyle, Kermit D. Larson, Michael Zin. 4th ed. 1984.
500 ## - GENERAL NOTE
General note Solutions manual I, chapters 1-14; solutions manual II, chapters 14-29.
590 ## - LOCAL NOTE (RLIN)
Local note AGL Petroleum Plaza: Inventory. Internal Audit.
650 #0 - SUBJECT ADDED ENTRY--TOPICAL TERM
Topical term or geographic name entry element Accounting.
700 1# - ADDED ENTRY--PERSONAL NAME
Personal name Larson, Kermit D.
700 1# - ADDED ENTRY--PERSONAL NAME
Personal name Pyle, William W.
Title of a work Fundamental accounting principles.
942 ## - ADDED ENTRY ELEMENTS (KOHA)
Source of classification or shelving scheme
Koha item type Book
Suppress in OPAC MM
Holdings
Withdrawn status Lost status Source of classification or shelving scheme Damaged status Not for loan Permanent Location Current Location Shelving location Date acquired Total Checkouts Full call number Barcode Date last seen Date last checked out Price effective from Koha item type Public note
          AU LIBRARY AU LIBRARY Open Shelf 24.06.2021 3 HF5635 .P975 1987 28000806 29.02.2024 01.11.2021 24.06.2021 Book MM

Powered by Koha